000 00481nam a2200217Ia 4500
008 210210b1954 xxu||||| |||| 00| 0 eng d
041 _aeng
082 _a590/181
100 _aKEWALRAMANI
245 _aLaboratory manual of cockroach and mosquito
260 _aSurat
_b-
_c1954
650 _aof
650 _amosquito
650 _amanual
650 _aLaboratory
650 _acockroach
650 _aand
690 _aZoology
700 _aDHAGE
906 _a010753
999 _c138643
_d138643